00287nam a2200121Ia 4500008004100000041001200041082001100053100001800064245005600082260000600138650000600144700001500150221030s9999 xx 000 0 und d aEnglish a105.23 aS. Mimoshenko 0aEngineering Mechanicscby S. Mimoshenko, D.H. Young c0 aB aD.H. Young